000 00558nam a2200181Ia 4500
008 100920s9999 xx 000 0 und d
082 _b79123
_a--- थ 95
100 _aहरकारे अरुण.
245 _aकलुषित मन.
260 _bकलाभारती प्रकाशन, पुणे.
_c1995
300 _a171
_bसाधी
365 _b80
520 _aकादंबरी.
630 _aकलुषित मन.
650 _aकादंबरी.
730 _aकलुषित मन.
942 _cBOOK
999 _c720212
_d720209